000 01157cam a2200373 i 4500
001 0000647
003 DO-SdBPM
005 20250801135637.0
007 ta
008 100514s 2005 mx | 000 f spa
015 _a
017 _a
_b
020 _a9707700556
035 _a
040 _aDO-SdBPM
_bspa
_cBPMSU
_e rda
080 _a
082 4 _a613.25
_bS194d 2005
_222
100 1 _aSanders, Lisa
_eautora
240 1 4 _aThe perfect fit diet /
_leng.
245 1 3 _aLa dieta perfecta :
_bdiseñe un plan de reducción de peso a la medida de sus necesidades /
_cLisa Sanders ; traducción Rubén Heredia Vásquez
264 _aMéxico :
_bAguilar,
_c2005.
300 _a429 páginas:
_c23 cm
336 _atexto
_btxt
_2rdacontent
337 _asin mediación
_bn
_2rdamedia
338 _avolumen
_bnc
_2rdacarrier
504 _aBibliografía páginas : 425-429
590 _aInventariado, 2025/VM
650 7 _aDietas de reducción
650 7 _aAlimentos y nutrición
650 7 _aAlimentos funcionales.
700 1 _aHeredia Vásquez, Rubén
_etraducción
910 _aVMateo V. Control de calidad. BPMSU
942 _2ddc
_cBK
999 _c11287
_d11287